Responses for show #8188 - Wednesday, March 25, 2020

Contestants

[<< previous game]

Adam Smith, a law student from Somerville, Massachusetts

Rachel Burns, a software analyst from East Lansing, Michigan

Nick Klotz, a financial analyst from Milwaukee, Wisconsin (whose 1-day cash winnings total $22,801)

[next game >>]

Jeopardy! Round responses

ALL-AMERICAN STAMPS
FEMALE SUPERHEROES
WEARABLE CAR PARTS?
THAT'S GOTTA HURT!
HE SAID IT
DROPPING RHYMES
(Alex: Each correct response will rhyme with "dropping".)
    $200 30
Old Faithful

Rachel
    $200 29
the Guardians of the Galaxy

Adam
    $200 16
a muffler

Rachel
    $200 7
(Alex:I don't know why I'm laughing about that.)

lightning

Adam
    $200 1
Teddy Roosevelt

Rachel
    $200 2
a topping

Adam
    $400 24
(Adam: What is Lake Erie?)
...
(Alex: Less than a minute now.)

Lake Ontario

NickAdam
    $400 28
Wonder Woman

Rachel
    $400 17
a hood

Adam
    $400 8
hail

Adam
    $400 3
Saddam Hussein

Adam
    $400 12
window shopping

Adam
    $600 23
Illinois

Nick
    $600 27
Storm

Adam
    $600 18
blinkers

Rachel
    $600 9
Siegfried & Roy

Nick
    $600 4
John Wooden

Adam
    $1,200 13
(Adam: What is a... uh, plotting?)

heart-stopping

Adam
    $800 22
the Columbia

Nick
    $800 26
Black Widow

Adam
    $800 19
a cap

Triple Stumper
    $800 10
surfing

Nick
    $800 5
Aristotle

Rachel
    $800 14
flopping

Nick
    $1000 21
the Sonoran Desert

Triple Stumper
    $1000 25
Katana

Triple Stumper
    $1000 20
(Adam: What are pads?)
(Rachel: What are rotors?)

shoes

RachelAdam
Triple Stumper
    $1000 11
(Adam: What is the ulna?)

the radius

NickAdam
    $1000 6
(Rachel: Who is Nelson?)

Oliver Hazard Perry

Rachel
Triple Stumper
    $1000 15
outcropping

Nick

Scores at the first commercial break (after clue 15):

Nick Rachel Adam
$4,200 $0 $0

Scores at the end of the Jeopardy! Round:

Nick Rachel Adam
$6,000 $400 $600

Double Jeopardy! Round responses

A REAL SQUAB STORY
INSTRUMENT MAKERS
HERBS & SPICES
___ING___
SHORT RUNS ON BROADWAY
NOTABLE ITALIANS
    $400 23
[Note: Adam named the second ones and Alex hesitated. Adam named the first ones and Alex indicated both were acceptable.]

homing pigeons (carrier pigeons)

Adam
    $400 16
pianos

Adam
    $400 4
(Rachel: What is rosemary?)

horseradish

NickRachel
    $400 2
a wishing well

Nick
    $400 1
Carrie

Rachel
    $400 9
Marco Polo

Adam
    $800 24
a hot dog

Adam
    $800 21
Stradivarius

Rachel
    $800 25
cinnamon

Rachel
    $800 7
rubbing alcohol

Nick
    $800 3
the Shroud of Turin

Adam
    $800 10
Saint Francis

Adam
    $1200 20
a cymbal

Nick
    $1200 17
lemongrass

Adam
    $3,000 8
flying saucers

Nick
    $1200 5
Bye Bye Birdie

Rachel
    $1200 11
John Paul I

Adam
    $1600 22
(Alex: Less than a minute now.)

a harmonica

Nick
    $4,000 18
bay leaves (laurel leaves)

Adam
    $1600 13
an answering machine

Triple Stumper
    $1600 6
Farrah Fawcett

Rachel
    $1600 12
Montessori

Nick
    $2000 26
(Rachel: Who is Wurlitzer?)

Laurens Hammond

Rachel
Triple Stumper
    $2000 19
star anise

Rachel
    $2000 15
(Nick: What are moving pictures?)

talking pictures

NickRachel
    $2000 27
[The end-of-round signal sounds.]

Federico Fellini

Triple Stumper
    $2000 14
Arturo Toscanini

Triple Stumper

Scores at the end of the Double Jeopardy! Round:

Nick Rachel Adam
$13,000 $6,800 $10,600

[wagering suggestions for these scores]

Final Jeopardy! Round responses

ALLITERATIVE LEGISLATION
RachelWhat is the lend and lease act
$6,800
AdamWhat is the Lend-Lease Act
$10,600
NickWhat is the British Blockade
$8,201
the Lend-Lease Act

Final scores:

Nick Rachel Adam
$4,799 $13,600 $21,200
3rd place: $1,000 2nd place: $2,000 New champion: $21,200

Game dynamics:

Coryat scores:

Nick Rachel Adam
$11,200 $6,800 $9,400
15 R
(including 1 DD),
1 W
13 R,
4 W
19 R
(including 1 DD),
4 W
(including 1 DD)

Combined Coryat: $27,400

The J! Archive is created by fans, for fans. The Jeopardy! game show and all elements thereof, including but not limited to copyright and trademark thereto, are the property of Jeopardy Productions, Inc. and are protected under law. This website is not affiliated with, sponsored by, or operated by Jeopardy Productions, Inc. Join the discussion at JBoard.tv.